| 000 | 00673nam a22002177a 4500 | ||
|---|---|---|---|
| 005 | 20150323111433.0 | ||
| 010 | _aENG-112222 | ||
| 020 |
_a9789350354780 _c1295.00 |
||
| 035 | _aEN-95754 | ||
| 037 | _bDBAD/PUB | ||
| 082 | _a346.54016 | ||
| 100 | _aDial, Rameshwar | ||
| 245 |
_aLaw of rent control in Delhi / _cby Rameshwar Dial [and] Adarsh B. Dial ; foreworded by Yogeshwar Dayal |
||
| 250 | _a3rd ed | ||
| 260 |
_aDelhi _bUniversal Law Publishing _c2014 |
||
| 270 |
_aA-58, G.T. Karnal Road Industrial Area, _bDelhi _e110033 |
||
| 300 |
_acxxiv,855p. _c25cm(Hb) |
||
| 500 | _aIncludes index | ||
| 700 | _aDial, Adarsh B. | ||
| 942 |
_2ddc _cEN _m346.54016 _hDIA |
||
| 999 |
_c91696 _d91696 |
||